000
00302nam a2200121Ia 4500
008
190216s9999||||xx |||||||||||||| ||und||
100
_a
Otto Theodor Benfey
245
0
_a
Introduction To Organic Reaction Mechanism
260
_b
Mcgraw -hill
_c
1970
300
_a
207p
650
_a
Chemistry
942
_c
BK
999
_c
2242
_d
2242